000 00366nam a2200145Ia 4500
008 230917s9999||||xx |||||||||||||| ||und||
040 _e58865
_aMAIN
041 _aEnglish
082 _a859.334 E41F
100 _aEliade, Mircea
245 4 _aThe Forbidden forest
260 _aLondon
_bUniversity of Notre Dame Press
_c1978
300 _axv, 596 p.
942 _cBK
999 _c217621
_d217621